| 000 | 00000nam##2200000za#4500 |
| 001 | 9.575578 |
| 003 | CaOODSP |
| 005 | 20210624184730 |
| 007 | cr ||||||||||| |
| 008 | 150406|2008||||xxc|||||o f|0| 0 eng|d |
| 040 | |aCaOODSP|beng |
| 043 | |an-cn--- |
| 086 | 1 |aTU3-5/08-15E-PDF |
| 110 | 2 |aTransportation Safety Board of Canada. |
| 245 | 10|aLoss of control and collision with terrain - Van's RV-3B C-GJIF Lake Simcoe Regional Airport Barrie-Orillia, Ontario, 06 July 2008 |h[electronic resource] |
| 260 | |aGatineau - Quebec : |bTransportation Safety Board of Canada |c[2008]. |
| 300 | |a9p.|bfig., references, tables |
| 490 | 1 |aAviation investigation report |vA08O0168 |
| 590 | |a13-03-Supp|b2013-02-11 |
| 775 | 08|tPerte de maîtrise et collision avec le relief du Van's RV-3B C-GJIF à l'aéroport régional Lake Simcoe de Barrie-Orillia (Ontario), le 6 juillet 2008 |w(CaOODSP)9.605076 |
| 830 | #0|aAviation investigation report ;|vA08O0168|w(CaOODSP)9.504825 |
| 856 | 40|ahttp://publications.gc.ca|qPDF|s442 KB|uhttps://publications.gc.ca/collections/collection_2013/bst-tsb/TU3-5-08-15-eng.pdf|yA08O0168 |